| 000 | 01285cam a2200229 4500 | ||
|---|---|---|---|
| 001 | ABS65548 | ||
| 008 | 020530n2002 000 0 eng u | ||
| 035 | _a(Sirsi) u118230 | ||
| 110 |
_aTown and Country Planning Association _93022 |
||
| 245 | _a"Reforming planning obligations: delivering a fundamental change "- the TCPA's response | ||
| 260 | _c2002 | ||
| 490 |
_aTown & Country Planning _v71(4) April 2002, 105-107(3) |
||
| 520 | _aSets out the TCPA's response to the consultation paper, "Reforming planning obligations: delivering a fundamental change", using the TCPA's submitted supporting text to the questionnaire. Examines the paper's proposals for raising revenue from a more comprehensive planning obligations scheme to help fund sustainable development and shows TCPA's support for widening planning obligations against the background of the TCPA's beliefs. The TCPA has argued that the increase in land value generated by the community's need for development should be taken by the community. | ||
| 590 | _aABS | ||
| 650 | _aPLANNING OBLIGATIONS | ||
| 650 | _aPLANNING SYSTEM | ||
| 650 | _aPLANNING REFORM | ||
| 650 | _aLAND VALUE | ||
| 650 | _aSUSTAINABLE DEVELOPMENT | ||
| 690 | _aENVIRONMENTAL AND LAND CONSULTANCY-PLANNING AND DEVELOPMENT | ||
| 942 | _n0 | ||
| 999 |
_c70396 _d70396 |
||